Library of the University of Algiers 3
Ibrahim Sultan Cheibout
شعار جامعة الجزائر 3
مكتبة جامعة الجزائر 3
إبراهيم سلطان شيبوط

المدخل إلى التدقيق والتأكيد وفقا للمعايير الدولية للتدقيق / (رقم التسجيلة. 46316)

تفاصيل مارك
000 -LEADER
fixed length control field 01256nam a2200241Ia 4500
003 - CONTROL NUMBER IDENTIFIER
control field Ost
005 - DATE AND TIME OF LATEST TRANSACTION
control field 20260507075803.0
008 - FIXED-LENGTH DATA ELEMENTS--GENERAL INFORMATION
fixed length control field 260507s9999||||xx |||||||||||||| ||und||
020 ## - INTERNATIONAL STANDARD BOOK NUMBER
International Standard Book Number 9789957244040
040 ## - CATALOGING SOURCE
Transcribing agency fsecg
041 ## - LANGUAGE CODE
Language code of text/sound track or separate title ara
082 ## - DEWEY DECIMAL CLASSIFICATION NUMBER
Classification number 657.45
100 ## - MAIN ENTRY--PERSONAL NAME
Personal name جمعة، أحمد حلمي
Relator term مؤلف
245 #0 - TITLE STATEMENT
Title المدخل إلى التدقيق والتأكيد وفقا للمعايير الدولية للتدقيق /
Statement of responsibility, etc. أحمد حلمي جمعة
250 ## - EDITION STATEMENT
Edition statement طبعة 2
260 ## - PUBLICATION, DISTRIBUTION, ETC.
Place of publication, distribution, etc. عمان:
Name of publisher, distributor, etc. دار صفاء للنشر والتوزيع,
Date of publication, distribution, etc. 2015
300 ## - PHYSICAL DESCRIPTION
Extent 605 صفحة؛
Other physical details إيضاحات ؛
Dimensions 24 سم
504 ## - BIBLIOGRAPHY, ETC. NOTE
Bibliography, etc. note بيبليوغرافيا: ص ص.593-605
520 ## - SUMMARY, ETC.
Summary, etc. يتناول الكتاب الإطار الدولي، إطار ممارسة المهنة، أخلاقيات ممارسة المهنة، تطور الأهداف العامة والمسؤوليات، تحديد وتقييم مخاطر الأخطاء الجوهرية، التخطيط والتوثيق، أدلة ونتائج التدقيق؟، أدلة التدقيق، جمع أدلة التدقيق، نتائج وتقارير التدقيق.
653 ## - INDEX TERM--UNCONTROLLED
Uncontrolled term الإدارة- تدقيق
653 ## - INDEX TERM--UNCONTROLLED
Uncontrolled term مراجعة الحسابات
942 ## - ADDED ENTRY ELEMENTS (KOHA)
Koha item type كتب
المقتنيات
Withdrawn status Lost status Source of classification or shelving scheme Damaged status Not for loan Home library Current library Date acquired Serial enumeration / chronology Inventory number Total checkouts Full call number Barcode Date last seen Price effective from Koha item type
    Library of Congress Classification   NOT LOAN / إعارة داخلية مكتبة كلية العلوم الإقتصادية والعلوم التجارية وعلوم التسيير مكتبة كلية العلوم الإقتصادية والعلوم التجارية وعلوم التسيير 07/05/2026 الطابق الأرضي 025.21/578   517/025.21ن01 025.21/578 07/05/2026 07/05/2026 كتب

موارد الويب المفتوحة


© University of Algiers 3 All Rights Reserved
|
Implemented by LECHELAH Riad